00467nam a2200193 a 4500001001300000003000900013005001700022008004100039020001000080082001500090100001500105245001800120260003800138300000800176500003500184505001200219650002700231700001500258nice12345678IN_TiNIC20260116011527.0050524s1930 ista grp 000 0 eng  ac10000a232.9bSTA aStalker, J aIsanin Hayati aIstanbulbSelamet Matbaasi.c1930 a195 aincludes index and biblioraphy2 aTurkish aJesus Christ-Biography1 aStalker, J